Aprender lenguas con el e-PEL en la EOI (Record no. 185363)
[ view plain ]
| 000 -CABECERA | |
|---|---|
| campo de control de longitud fija | 01855nab a2200277 a 4500 |
| 005 - FECHA Y HORA DE LA ÚLTIMA TRANSACCIÓN | |
| campo de control | 20250924063910.0 |
| 008 - ELEMENTOS DE LONGITUD FIJA--INFORMACIÓN GENERAL | |
| campo de control de longitud fija | 991125c2016 sp fr p o 000 0 spa d |
| 035 ## - NÚMERO DE CONTROL DEL SISTEMA | |
| Número de control de sistema | UPN01000213263 |
| 040 ## - FUENTE DE LA CATALOGACIÓN | |
| Centro catalogador/agencia de origen | UPN |
| Lengua de catalogación | spa |
| Centro/agencia transcriptor | UPN |
| Normas de descripción | aacr2 |
| 049 ## - COLECCIÓN | |
| Colección | ART-E |
| 100 1# - ASIENTO PRINCIPAL--NOMBRE PERSONAL | |
| Nombre de persona | Mira Giménez, Mario Jesús |
| Enlace | - mariojmira@gmail.com |
| 245 10 - MENCIÓN DE TÍTULO | |
| Título | Aprender lenguas con el e-PEL en la EOI |
| 506 0# - NOTA DE RESTRICCIONES AL ACCESO | |
| Limitaciones de acceso | Acceso abierto |
| 520 3# - NOTA DE RESUMEN, ETC. | |
| Sumario, etc. | El objetivo de este artículo consiste en el análisis del e - PEL como herramienta de aprendizaje lingüístico y estratégico, para lo cual se realizó una investigación en la EOI (Escuela Oficial de Idiomas) de Alicante en dos grupos de alumnos de alemán de tercer curso (nivel B1.1). Asimismo, se pretende averiguar si el e - PEL se adecua como instrumento de evaluación formativa y sumativa de aprendizajes lingüísticos. Se ha optado por una combinación de metodología cuantitativa y cualitativa, para el análisis de todas las variables que intervienen en el proceso de aprendizaje. Al final del estudio se ha constatado que las calificaciones del grupo experimental han registrado una subida ligeramente mayor que las del grupo de control. El resultado de la investigación ha sido que el e - PEL es una herramienta pedagógica útil, pero la vertiente tecnológica necesita mejoras. |
| 650 #4 - ASIENTO SECUNDARIO DE MATERIA - TERMINO TEMATICO | |
| Término de materia o nombre geográfico como elemento de entrada | Tecnologías de la información y comunicación |
| 9 (RLIN) | 21219 |
| 650 #2 - ASIENTO SECUNDARIO DE MATERIA - TERMINO TEMATICO | |
| Término de materia o nombre geográfico como elemento de entrada | Informática educativa |
| 9 (RLIN) | 15387 |
| 650 #4 - ASIENTO SECUNDARIO DE MATERIA - TERMINO TEMATICO | |
| Término de materia o nombre geográfico como elemento de entrada | Educación permanente |
| 9 (RLIN) | 7280 |
| 650 #4 - ASIENTO SECUNDARIO DE MATERIA - TERMINO TEMATICO | |
| Término de materia o nombre geográfico como elemento de entrada | Educación de adultos |
| 9 (RLIN) | 956 |
| 650 #4 - ASIENTO SECUNDARIO DE MATERIA - TERMINO TEMATICO | |
| Término de materia o nombre geográfico como elemento de entrada | Educación superior |
| 9 (RLIN) | 32 |
| 653 0# - TERMINO DE INDIZACION - NO CONTROLADO | |
| Término no controlado | |
| 773 ## - ENLACE AL DOCUMENTO FUENTE/ENTRADA DE REGISTRO ANFITRIÓN | |
| Parte(s) relacionada(s) | Vol. 31, no. 1 (2016), p. 27-39 |
| Título | Ensayos : revista de la Facultad de Educación de Albacete |
| Número Internacional Normalizado para Publicaciones Seriadas | 2171-9098 |
| 856 4# - LOCALIZACIÓN Y ACCESO ELECTRÓNICOS | |
| Identificador Uniforme del Recurso | <a href="https://revista.uclm.es/index.php/ensayos/article/view/ensayos.v31i1.824">https://revista.uclm.es/index.php/ensayos/article/view/ensayos.v31i1.824</a> |
| 902 ## - ELEMENTOS DE DATOS B LOCAL, LDB (RLIN) | |
| Creó | Gloria Jiménez/130225 |
| 905 ## - TIPO DE MATERIAL | |
| Tipo de material | Articulo |
| 942 ## - ELEMENTOS DE PUNTO DE ACCESO ADICIONAL (KOHA) | |
| Tipo de ítem Koha | Artículo Electrónico |
| Estado de retiro | Estado de pérdida | Estado dañado | No para préstamo | Código de colección | Localización permanente | Ubicación/localización actual | Ubicación en estantería | Fecha de adquisición | Total de préstamos | Fecha visto por última vez | Identificador Uniforme del Recurso | Precio válido a partir de | Tipo de ítem Koha |
|---|---|---|---|---|---|---|---|---|---|---|---|---|---|
| Acceso abierto | Bib. Gregorio Torres Quintero | Bib. Gregorio Torres Quintero | En línea | 13/02/2025 | 13/02/2025 | https://revista.uclm.es/index.php/ensayos/article/view/ensayos.v31i1.824 | 13/02/2025 | Artículo Electrónico |
